Paises com "A" - Statistics

Estatísticas Gerais
  • Esse quiz foi jogado 96 vezes
  • A pontuação média é 9 de 15
Estatísticas das Respostas
Resposta Hints % Correto
andorra Europa
77%
argentina América
77%
alemanha Europa
76%
argelia África
74%
australia Oceania
73%
austria Europa
73%
armenia Ásia
68%
afeganistao Ásia
64%
albania Europa
63%
africa do sul África
58%
antigua América
58%
angola África
56%
arábia Ásia
33%
azerbajao Ásia
6%
abecásia Ásia
5%
Nenhum quiz correspondente encontrado
Distribuição das Pontuações
Porcentagem de Pessoas com Cada Pontuação
Percentil de Números Respondidos
Sua Pontuação Histórica
Você não jogou esse quiz